| 000 | 00404nam a2200133Ia 4500 | ||
|---|---|---|---|
| 003 | GCL | ||
| 008 | 140319s9999 xx 000 0 ara d | ||
| 040 |
_aGCL / _cGCL |
||
| 082 | 0 | 4 |
_aم _b574.03 _bس م |
| 245 | 1 | 0 | _aمعجم البيولوجيا المصور انجليزى - عربى |
| 260 |
_a[S.N] : _bاكاديميا ، _c1993 |
||
| 300 | _a127 ص | ||
| 490 |
_aدراسة فى ازمة الخليج _v0 |
||
| 999 |
_c59575 _d59575 |
||